Statistics for U.S. States by Second Most Populous City

Click here to take the quiz!

General Stats

  • This quiz has been taken 10,240 times
    (10,219 since last reset)
  • The average score is 19 of 30

Answer Stats

City State % Correct
San AntonioTexas
98%
San DiegoCalifornia
98%
PittsburghPennsylvania
94%
BuffaloNew York
93%
TucsonArizona
92%
ClevelandOhio
92%
Baton RougeLouisiana
91%
RaleighNorth Carolina
86%
Saint PaulMinnesota
83%
MontgomeryAlabama
80%
SpokaneWashington
77%
New HavenConnecticut
76%
MadisonWisconsin
75%
Grand RapidsMichigan
73%
Las CrucesNew Mexico
68%
NorfolkVirginia
66%
LexingtonKentucky
64%
Cedar RapidsIowa
53%
GulfportMississippi
52%
CasperWyoming
51%
MissoulaMontana
46%
Rapid CitySouth Dakota
43%
NashuaNew Hampshire
40%
WarwickRhode Island
36%
Overland ParkKansas
32%
AuroraIllinois
32%
LewistonMaine
31%
Fort SmithArkansas
29%
EssexVermont
24%
MeridianIdaho
18%

Score Distribution

Percentile by Number Answered

Percent of People with Each Score

Your Score History

You have not taken this quiz since the last reset